Z książką do ludzi

Bibliographic Details
Format: Book
Language:Polish
PhysicalDescription:87 s. fotogr. 21 cm
Published: Warszawa Stowarzyszenie Bibliotekarzy Polskich 1992
ISBN:8390004240 (brož.)
Edition:1. wyd.
Series:Bibliotekarze polscy we wspomnieniach współczesnych
Subjects:

MARC

LEADER 00000nam a2200000 a 4500
001 vtls009950611
003 SK-MaSNL
005 20260301030040.0
008 251029s1992 pl o f 000 0dpol
020 |a 8390004240 (brož.) 
040 |a SNK  |b slo  |c SNK  |e AACR2 
041 0 |a pol 
044 |a pl  |c PL 
072 7 |a 02  |x Knihovníctvo. Informatika  |2 konspekt 
080 |a 02  |2 2001 
080 |a 08/09  |2 2001 
080 |a 028-028.31  |2 2001 
080 |a 026/027  |2 2001 
080 |a 023.4/.5  |2 2001 
080 |a (0:82-94)  |2 2001 
080 |a (438)  |2 2001 
245 0 0 |a Z książką do ludzi 
250 |a 1. wyd. 
260 |a Warszawa  |b Stowarzyszenie Bibliotekarzy Polskich  |c 1992 
300 |a 87 s.  |b fotogr.  |c 21 cm 
490 1 |a Bibliotekarze polscy we wspomnieniach współczesnych  |v (2) 
650 0 7 |a knihovníctvo  |2 SNKPH  |9 1557 
650 0 7 |a knihy  |2 SNKPH  |9 19731 
650 0 7 |a čítanie  |2 SNKPH  |9 1654 
650 0 7 |a knižnice  |2 SNKPH  |9 17965 
650 0 7 |a knihovníci  |2 SNKPH  |9 4220 
650 0 7 |a spomienky  |2 SNKPH  |9 55795 
651 7 |a Poľsko  |2 SNKPH  |9 16755 
752 |a Poľsko  |d Varšava 
830 0 |a Bibliotekarze polscy we wspomnieniach współczesnych  |9 323205 
919 |a 83-900042-4-0 
999 |c 573713  |d 575643 
952 |a SNK  |b SNK  |y VYP  |7 0  |p 17A0631027  |o snkIC 138094  |i snk2009/16611  |8 1  |0 0  |1 0  |4 0  |d 2009-09-16  |l 0  |r 2026-02-23 14:24:35  |w 2026-02-23